| 000 | 00792nam a22002417i 4500 | ||
|---|---|---|---|
| 999 |
_c22873 _d22873 |
||
| 003 | AR-CdUCM | ||
| 008 | 240508b20162016 cl||||| |||| 00| 0 spa d | ||
| 020 | _a978-956-9213-06-9 | ||
| 040 |
_aMUNICIPALIDAD PROVINCIAL DEL CUSCO _cBIBLIOTECA MUNICIPAL DEL CUSCO |
||
| 082 |
_a869.34 / C76C _bC76C |
||
| 100 |
_aContreras Villablanca, Eduardo. _949730 |
||
| 245 | _aCuentos urgentes para Nueva Extremadura / | ||
| 260 |
_aChile : _bEspora Ediciones, _c2016 |
||
| 300 |
_a227 páginas. : _c21 cm. |
||
| 650 |
_aEl buque cigarro _949735 |
||
| 650 |
_aEl baile de las enanas _949736 |
||
| 650 |
_aAguas negras _949737 |
||
| 650 |
_aLibre para volar _949738 |
||
| 650 |
_aLa importancia de lo embotellado _949739 |
||
| 856 | _fwww.espora.cl | ||
| 942 |
_2ddc _cLIBROS |
||
| 945 |
_apbj _d2024-05-08 |
||